Computer Acronyms #1 - Statistics

General Stats
  • This quiz has been taken 118 times
  • The average score is 21 of 35
Answer Stats
Hint Answer % Correct
RAM Memory
94%
ROM Memory
94%
LED Light
93%
LASER Light
93%
RAM Random
92%
RAM Access
91%
LAN Network
89%
LAN Local
88%
LED Diode
85%
ROM Read
83%
LED Emitting
82%
ROM Only
82%
LAN Area
80%
BIOS System
77%
API Interface
72%
API Application
69%
BIOS Input
61%
BIOS Output
61%
BIOS Basic
60%
URL Resource
56%
URL Locator
53%
URL Uniform
51%
API Programming
50%
RaDAR Radio
46%
SoNAR Sound
46%
LASER Radiation
39%
SoNAR And
36%
RaDAR And
36%
LASER Amplification
30%
LASER Emission
29%
RaDAR Detection
28%
SoNAR Navigation
27%
LASER Stimulated
26%
SoNAR Ranging
22%
RaDAR Ranging
22%
No matching quizzes found
Score Distribution
Percent of People with Each Score
Percentile by Number Answered
Your Score History
You have not taken this quiz